000 00990nam a2200301 4500
001 0000021608
003 CO-CtgCURN
005 20250506214645.0
007 ta
008 160627s2000 000 0 eng d
020 _a9589687911
040 _aCO-CtgCURN
_bspa
_ccoctgcurn
082 0 _a323.42
_bM67a
100 1 _aMoreno Ortíz, Luis Javier.
245 1 0 _aAcceso a la justicia /
_cLuis Javier Moreno Ortíz.
260 _aBogotá :
_bAcademia Colombiana de Jurisprudencia,
_c2000.
300 _axii, 206 p.
336 _2rdacontent
337 _2rdamedia
_asin mediacion
_bn
338 _2rdacarrier
_avolumen
_bnc
490 1 _aColección portable
504 _aBibliografia (p. 189-190)
505 8 _aHacia una teoria estructural de los derechos subjetivos.--El derecho de acceder a la justicia
650 1 4 _aDerechos personales.
908 _a160627
942 _cBK
_h323.42
_iM67a
_2ddc
_n0
999 _c1426
_d1426